Países mais próximos de Finlândia - Statistics

Estatísticas Gerais
  • Esse quiz foi jogado 101 vezes
  • A pontuação média é 18 de 20
Estatísticas das Respostas
km país % Correto
0 Suécia
100%
47 Estônia
99%
213 Letónia
99%
0 Noruega
99%
603 Polônia
99%
0 Rússia
99%
718 Alemanha
98%
378 Lituânia
98%
575 Dinamarca
96%
470 Bielorrússia
91%
879 Ucrânia
89%
1315 Bélgica
88%
1071 Países Baixos
86%
1262 Áustria
85%
1256 Hungria
81%
1153 Eslováquia
80%
1291 Moldávia
72%
1306 Romênia
72%
1044 Chéquia
67%
1106 Reino Unido
62%
Nenhum quiz correspondente encontrado
Distribuição das Pontuações
Porcentagem de Pessoas com Cada Pontuação
Percentil de Números Respondidos
Sua Pontuação Histórica
Você não jogou esse quiz